00343nam a2200097Ia 4500008004100000041000800041100002500049245010500074260004700179999001900226241105s9999 xx 000 0 und d aeng aMutha Rutuja9119779 aLandscape Development Proposal For Reinterpretation Of Delhi Gate And Surrounding Area At Aurangabad bBNCA M Arch Environment Architecturec2022 c362058d362058